|
|
|
|
| LEADER |
00000nam0a2200000 4500 |
| 001 |
308315 |
| 005 |
20231102002100.0 |
| 020 |
|
|
|a RU
|b 82-864
|
| 035 |
|
|
|a (RuTPU)RU\TPU\book\333625
|
| 090 |
|
|
|a 308315
|
| 100 |
|
|
|a 20151030d1981 km y0rusy5003 ca
|
| 101 |
0 |
|
|a rus
|
| 102 |
|
|
|a RU
|
| 105 |
|
|
|a y z 001zy
|
| 200 |
1 |
|
|a Проблемы военной разрядки
|f Академия наук СССР (АН СССР), Институт мировой экономики и международных отношений (ИМЭМО) ; под ред. А. Д. Никонова
|
| 210 |
|
|
|a Москва
|c Наука
|d 1981
|
| 215 |
|
|
|a 380 с.
|
| 300 |
|
|
|a Авт. указаны на обороте тит. л.
|
| 320 |
|
|
|a Библиогр.: с. 373-378
|
| 606 |
1 |
|
|a Разрядка военная
|2 stltpush
|3 (RuTPU)RU\TPU\subj\23644
|9 48197
|
| 610 |
1 |
|
|a разоружение
|
| 610 |
1 |
|
|a мирное сосуществование
|
| 610 |
1 |
|
|a история
|
| 610 |
1 |
|
|a 20 век
|
| 610 |
1 |
|
|a международная безопасность
|
| 610 |
1 |
|
|a ядерное разоружение
|
| 610 |
1 |
|
|a стратегические вооружения
|
| 610 |
1 |
|
|a ограничения
|
| 610 |
1 |
|
|a сокращения
|
| 610 |
1 |
|
|a военно-политические блоки
|
| 610 |
1 |
|
|a Европа
|
| 610 |
1 |
|
|a Азия
|
| 610 |
1 |
|
|a глобальные проблемы
|
| 686 |
|
|
|a Ф4(0)32
|2 rubbk
|
| 702 |
|
1 |
|a Никонов
|b А. Д.
|g Алексей Дмитриевич
|4 340
|
| 712 |
0 |
2 |
|a Академия наук СССР (АН СССР)
|b Институт мировой экономики и международных отношений (ИМЭМО)
|c (Москва)
|2 stltpush
|3 (RuTPU)RU\TPU\col\11484
|
| 801 |
|
0 |
|a RU
|b RuMRKP
|c 19950704
|g psbo
|
| 801 |
|
1 |
|a RU
|b 63413507
|c 20151030
|
| 801 |
|
2 |
|a RU
|b 63413507
|c 20190712
|g RCR
|
| 942 |
|
|
|c BK
|